000 00695nam a2200241Ia 4500
003 OSt
005 20221002050619.0
006 a|||||r|||| 00| 0
007 ta
008 220930b |||||||| |||| 00| 0 eng d
024 _a16709
037 _cReference Collections
040 _aCRL
_cCRL
_beng
041 _2eng
_aeng
082 _aw1(Y15).N8, M8 (RR)
100 _aKey Ernest ed.
_9571511
245 0 _aForemost women of the twentieth century
260 _aCambridge
_bInternational Biographical Centre
_c1988
300 _a564p.
_ccm.
650 _aBIOGRAPHY
942 _hw1(Y15).N8, M8 (RR)
_cref
_2CC
999 _c915022
_d915022